Clinical biochemistry : (رقم التسجيلة. 38420)
[ عرض عادي ]
| 000 -الفاتح | |
|---|---|
| حقل البيانات ثابتة الطول | 01184cam a2200325 a 4500 |
| 001 - رقم الضبط | |
| رقم الضبط | 12508120 |
| 003 - محدد رقم الضبط | |
| رقم الضبط | OSt |
| 005 - وقت وتاريخ اخر تعامل مع التسجيلة | |
| رقم الضبط | 20151015162900.0 |
| 008 - عناصر البيانات ثابتة الطول - معلومات عامة | |
| حقل البيانات ثابتة الطول | 010820s2001 si a b 001 0 eng c |
| 010 ## - رقم ضبط مكتبة الكونجرس | |
| رقم ضبط مكتبة الكونجرس | 2001273646 |
| 020 ## - الرقم الدولى المعيارى للكتب | |
| الرقم الدولى المعيارى للكتاب | 9810245505 |
| 020 ## - الرقم الدولى المعيارى للكتب | |
| الرقم الدولى المعيارى للكتاب | 9789810245566 |
| 020 ## - الرقم الدولى المعيارى للكتب | |
| الرقم الدولى المعيارى للكتاب | 9810245564 (pbk.) |
| 035 ## - رقم ضبط النظام | |
| رقم ضبط النظام | (OCoLC)ocm47288263 |
| 040 ## - مصدر الفهرسة | |
| وكالة الفهرسة الأصلية | CVU |
| وكالة النسخ | CVU |
| وكالة التعديل | AZS |
| -- | DLC |
| 042 ## - رمز التحقق | |
| رمز التحقق | pcc |
| 050 00 - رقم طلب مكتبة الكونجرس | |
| رقم التصنيف | RB112.5 |
| رقم المادة | .V37 2001 |
| 082 00 - رقم تصنيف ديوى العشرى | |
| رقم التصنيف | 612.01585 |
| رقم الطبعة | 21 |
| رقم المادة | JVC |
| 100 1# - المدخل الرئيسى - إسم شخصى | |
| الإسم الشخصى | Varcoe, John S. |
| 9 (RLIN) | 46116 |
| 245 10 - بيان العنوان | |
| العنوان | Clinical biochemistry : |
| بقية العنوان | techniques and instrumentation : a practical course / |
| بيان المسئوليه,etc | John S. Varcoe. |
| 260 ## - PUBLICATION, DISTRIBUTION, ETC. (IMPRINT) | |
| مكان الناشر او الموزع | Singapore ; |
| -- | River Edge, NJ : |
| اسم الناشر او الموزع | World Scientific, |
| تاريخ النشر أو التوزيع | c2001. |
| 300 ## - الوصف المادى | |
| التعداد | 1 v. (various pagings) : |
| تفاصيل ماديه اخرى للوعاء | ill. ; |
| أبعاد الوعاء | 26 cm. |
| 504 ## - تبصرة ببليوجرافية | |
| تبصرة ببليوجرافية,الخ | Includes bibliographical references and index. |
| 650 #0 - المدخل الاضافى بالموضوع-مصطلح موضوعى | |
| مصطلح موضوعي أو اسم جغرافي كعنصر مدخل | Clinical biochemistry |
| التقسيم الفرعي الشكلي | Laboratory manuals. |
| 9 (RLIN) | 46117 |
| 650 #2 - المدخل الاضافى بالموضوع-مصطلح موضوعى | |
| مصطلح موضوعي أو اسم جغرافي كعنصر مدخل | Biochemistry |
| التقسيم الفرعي الشكلي | laboratory manuals. |
| 9 (RLIN) | 52220 |
| 856 41 - الوصول و الموقع الالكترونى | |
| مواد محددة | Table of contents |
| معرف المصدر الموحد | <a href="http://www.loc.gov/catdir/toc/fy031/2001273646.html">http://www.loc.gov/catdir/toc/fy031/2001273646.html</a> |
| 906 ## - عنصر بيانات محلى F, LDF (RLIN) | |
| a | 7 |
| b | cbc |
| c | pccadap |
| d | 3 |
| e | ncip |
| f | 20 |
| g | y-gencatlg |
| 942 ## - عناصر المدخل الإضافي( كوها) | |
| مصدر التصنيف او مخطط الترفيف | Dewey Decimal Classification |
| Koha [default] item type | كتاب |
| حالة الفقد | نموذج السعر الفعال | حالة تلف | ليس للاعارة | رقم الطلب | تاريخ الاكتساب | الموقع الحالي | الباركود | الفرع الرئيسي | Date last checked out | Date last seen | نوع المادة فى نظام كوها | مصدر التصنيف او خطة الترفيف | Total Checkouts |
|---|---|---|---|---|---|---|---|---|---|---|---|---|---|
| 2015-10-13 | 612.01585 JVC | 2015-10-13 | المكتبة المركزية بالمجمعة (CL) | 00654164 | المكتبة المركزية بالمجمعة (CL) | 2015-10-29 | 2016-04-19 | كتاب | Dewey Decimal Classification | 1 | |||
| 2015-10-13 | 612.01585 JVC | 2015-10-13 | المكتبة المركزية بالمجمعة (CL) | 00654165 | المكتبة المركزية بالمجمعة (CL) | 2015-10-13 | كتاب | Dewey Decimal Classification | |||||
| 2015-10-13 | 612.01585 JVC | 2015-10-13 | المكتبة المركزية بالمجمعة (CL) | 00654166 | المكتبة المركزية بالمجمعة (CL) | 2015-10-13 | كتاب | Dewey Decimal Classification | |||||
| 2015-10-15 | 612.01585 JVC | 2015-10-15 | مكتبة كلية العلوم الطبية التطبيقية بالمجمعة - طالبات (AMF) | 00654495 | مكتبة كلية العلوم الطبية التطبيقية بالمجمعة - طالبات (AMF) | 2020-11-30 | 2021-04-12 | كتاب | Dewey Decimal Classification | 1 | |||
| 2015-10-15 | 612.01585 JVC | 2015-10-15 | مكتبة كلية العلوم الطبية التطبيقية بالمجمعة - طالبات (AMF) | 00654496 | مكتبة كلية العلوم الطبية التطبيقية بالمجمعة - طالبات (AMF) | 2015-10-15 | كتاب | Dewey Decimal Classification |
